01001cam a2200301 a 450000100090000000300050000900500170001400800410003101000170007202000180008904000180010704200080012505000220013308200150015510000460017024000170021624500630023326000780029630000210037450400560039560000590045160000610051065000250057165500270059665500270062370000300065070000190068017354498Nust20170327133212.0120620s2012 mauab b 000 1 eng  a 2012024171 a9780141024448 aDLCcDLCdDLC apcc00aPR5397b.F7 2012c00a823.7bSHE1 aShelley, Mary Wollstonecraft,d1797-1851.10aFrankenstein14aThe annotated Frankenstein /cMary Wollstonecraft Shelley  aCambridge, Mass. :bThe Belknap Press of Harvard University Press,c2012. a278 p. :c22 cm. aIncludes bibliographical references (p. [377]-381).10aFrankenstein, Victorc(Fictitious character)vFiction.00aFrankenstein's Monsterc(Fictitious character)vFiction. 0aScientistsvFiction. 7aGothic fiction.2gsafd 7aHorror fiction.2gsafd1 aWolfson, Susan J.,d1948-1 aLevao, Ronald.